| 000 | 01197nam a22003257a 4500 | ||
|---|---|---|---|
| 003 | CHAP | ||
| 005 | 20220329141022.0 | ||
| 008 | 971013s1996 r 00010 d | ||
| 010 | _a61384 | ||
| 011 | _a62356 | ||
| 035 | _a66530 | ||
| 040 | _cCHAP | ||
| 090 | _aTesis | ||
| 100 | 0 | 0 |
_aRamírez Vega, Martha. _994325 |
| 245 | _aEntomofauna asociada al cultivo de col (Brassica oleracea var. capitata) bajo diferentes niveles de fertilización, en el área de Chapingo | ||
| 260 |
_aChapingo, Méx. : _bEl autor, _c1996 |
||
| 300 |
_a49 h. _b: ilus. ; gráfs. ; apénd. |
||
| 502 | _aTesis (Ing. Agr. Esp. en Parasitología Agrícola) -- UACH. Departamento de Parasitología Agrícola | ||
| 590 |
_aALEPH _b10 _c20130110 _lUCH01 _h1342 |
||
| 590 |
_aBATCH-UPD _b10 _c20130110 _lUCH01 _h0707 |
||
| 590 |
_aBATCH-UPD _b10 _c20130410 _lUCH01 _h0353 |
||
| 590 |
_aBATCH-UPD _b10 _c20130914 _lUCH01 _h1000 |
||
| 590 |
_aCONVERSION _b10 _c20130109 _lUCH01 _h1333 |
||
| 650 | 1 | 4 |
_aCol _xPlagas. _924494 |
| 650 | 1 | 4 |
_aFertilizantes _xEfecto en col. _940500 |
| 901 | _aBK | ||
| 942 | _cFOLL | ||
| 949 |
_bBC _cTES _d-151747 _eTS1 _h29768 _i66530 _si |
||
| 949 |
_bBC _cTES _d33724000624045 _eTS2 _fc.2 _h29769 _i66530 _si |
||
| 999 |
_c61384 _d61384 |
||